000
00338pab a2200145 454500
008
180718b2007 xxu||||| |||| 00| 0 eng d
100
_a
Prabhuram, B.
245
_a
Qualities of a good distance teacher
260
_c
2007
300
_a
p.12-15.
362
_a
12 Feb
650
_a
Teachers
773
_a
University News
909
_a
73227
999
_c
73227
_d
73227